<?xml version="1.0" encoding="UTF-8"?>
<record
    xmlns:xsi="http://www.w3.org/2001/XMLSchema-instance"
    xsi:schemaLocation="http://www.loc.gov/MARC21/slim http://www.loc.gov/standards/marcxml/schema/MARC21slim.xsd"
    xmlns="http://www.loc.gov/MARC21/slim">

  <leader>04907nam a22006375i 4500</leader>
  <controlfield tag="001">978-3-319-66493-4</controlfield>
  <controlfield tag="003">DE-He213</controlfield>
  <controlfield tag="005">20250103112321.0</controlfield>
  <controlfield tag="007">cr nn 008mamaa</controlfield>
  <controlfield tag="008">171119s2018    sz |    s    |||| 0|eng d</controlfield>
  <datafield tag="020" ind1=" " ind2=" ">
    <subfield code="a">9783319664934</subfield>
    <subfield code="9">978-3-319-66493-4</subfield>
  </datafield>
  <datafield tag="024" ind1=" " ind2=" ">
    <subfield code="a">10.1007/978-3-319-66493-4</subfield>
    <subfield code="2">doi</subfield>
  </datafield>
  <datafield tag="050" ind1=" " ind2=" ">
    <subfield code="a">GC1-1581</subfield>
  </datafield>
  <datafield tag="072" ind1=" " ind2=" ">
    <subfield code="a">RBKC</subfield>
    <subfield code="2">bicssc</subfield>
  </datafield>
  <datafield tag="072" ind1=" " ind2=" ">
    <subfield code="a">SCI052000</subfield>
    <subfield code="2">bisacsh</subfield>
  </datafield>
  <datafield tag="072" ind1=" " ind2=" ">
    <subfield code="a">RBKC</subfield>
    <subfield code="2">thema</subfield>
  </datafield>
  <datafield tag="082" ind1=" " ind2=" ">
    <subfield code="a">551.46</subfield>
    <subfield code="2">23</subfield>
  </datafield>
  <datafield tag="245" ind1=" " ind2=" ">
    <subfield code="a">Observing the Oceans in Real Time</subfield>
    <subfield code="h">[electronic resource] /</subfield>
    <subfield code="c">edited by R. Venkatesan, Amit Tandon, Eric D'Asaro, M. A. Atmanand.</subfield>
  </datafield>
  <datafield tag="250" ind1=" " ind2=" ">
    <subfield code="a">1st ed. 2018.</subfield>
  </datafield>
  <datafield tag="260" ind1=" " ind2=" ">
    <subfield code="a">Cham :</subfield>
    <subfield code="b">Springer International Publishing :</subfield>
    <subfield code="b">Imprint: Springer,</subfield>
    <subfield code="c">2018.</subfield>
  </datafield>
  <datafield tag="300" ind1=" " ind2=" ">
    <subfield code="a">XII, 323 p. 122 illus., 106 illus. in color.</subfield>
    <subfield code="b">online resource.</subfield>
  </datafield>
  <datafield tag="336" ind1=" " ind2=" ">
    <subfield code="a">text</subfield>
    <subfield code="b">txt</subfield>
    <subfield code="2">rdacontent</subfield>
  </datafield>
  <datafield tag="337" ind1=" " ind2=" ">
    <subfield code="a">computer</subfield>
    <subfield code="b">c</subfield>
    <subfield code="2">rdamedia</subfield>
  </datafield>
  <datafield tag="338" ind1=" " ind2=" ">
    <subfield code="a">online resource</subfield>
    <subfield code="b">cr</subfield>
    <subfield code="2">rdacarrier</subfield>
  </datafield>
  <datafield tag="347" ind1=" " ind2=" ">
    <subfield code="a">text file</subfield>
    <subfield code="b">PDF</subfield>
    <subfield code="2">rda</subfield>
  </datafield>
  <datafield tag="490" ind1=" " ind2=" ">
    <subfield code="a">Springer Oceanography,</subfield>
    <subfield code="x">2365-7685</subfield>
  </datafield>
  <datafield tag="505" ind1=" " ind2=" ">
    <subfield code="a">Part 1. Introduction -- 1. Recent Trends in Ocean Observations -- Part 2. Surface Observations -- 2. Observing Surface Meteorology and Air-Sea Fluxes -- 3. Drifter Technology and Impacts for Sea Surface Temperature, Sea-Level Pressure and Ocean Circulation Studies -- 4. Origin, Tranformation and Measurement of Waves in Ocean -- Part 3. Subsurface Observations -- 5. Oceanographic Floats- Principles of Operation -- 6. . Measuring Ocean Turbulence -- 7. New Science and Novel Approaches Enabled by Autonomous Gliders -- 8. Advances in In-Situ Ocean Measurements -- Part 4. Remote Sensing -- 9. Ocean Remote Sensing: Concept to Realization for Physical Oceanographic Studies -- 10. Near Real-time Underwater Passive Acoustic Monitoring of Natural and Anthropogenic Sounds -- 11. Data Return Aspects of CODAR and WERA High Frequency Radars in Mapping Currents -- Part 5. Data (Data Management) -- 12. Sensor Performance and Data Quality Control -- 13. Near Real Time Data Recovery from Oceanographic Moorings -- 14. Managing Metocean In Situ Data in the WMO Framework -- Part 6. Societal Applilications -- 15. Applications of Ocean In-Situ Observations and its Societal Relevance.</subfield>
  </datafield>
  <datafield tag="520" ind1=" " ind2=" ">
    <subfield code="a">This book provides contributions from leading experts on the integration of novel sensing technologies to yield unprecedented observations of coupled biological, chemical, and physical processes in the ocean from the macro to micro scale. Authoritative entries from experts around the globe provide first-hand information for oceanographers and researchers looking for solutions to measurement problems.&#xA0; Ocean observational techniques have seen rapid advances in the last few years and this book addresses the need for a single overview of present and future trends in near real time and real time. First the past, present and future scenarios of ocean observational tools and techniques are elucidated. Then this book divides into three modes of ocean observations: surface, upper ocean and deep ocean. This is followed by data quality and modelling. Collecting a summary of methods and applications, this book provides first-hand information for oceanographers and researchers looking for solutions to measurement problems. This book is also suitable for final year undergraduate students or beginning graduate students in ocean engineering, oceanography and various other engineering students (such as Mechanical, Civil, Electrical, and Bioengineering) who are interested in specializing their skills towards modern measurements of the ocean.</subfield>
  </datafield>
  <datafield tag="650" ind1=" " ind2=" ">
    <subfield code="a">Oceanography.</subfield>
  </datafield>
  <datafield tag="650" ind1=" " ind2=" ">
    <subfield code="a">Geographic information systems.</subfield>
  </datafield>
  <datafield tag="650" ind1=" " ind2=" ">
    <subfield code="a">Environment.</subfield>
  </datafield>
  <datafield tag="650" ind1=" " ind2=" ">
    <subfield code="a">Climatology.</subfield>
  </datafield>
  <datafield tag="650" ind1=" " ind2=" ">
    <subfield code="a">Environmental monitoring.</subfield>
  </datafield>
  <datafield tag="650" ind1=" " ind2=" ">
    <subfield code="a">Acoustical engineering.</subfield>
  </datafield>
  <datafield tag="650" ind1=" " ind2=" ">
    <subfield code="a">Ocean Sciences.</subfield>
  </datafield>
  <datafield tag="650" ind1=" " ind2=" ">
    <subfield code="a">Geographical Information System.</subfield>
  </datafield>
  <datafield tag="650" ind1=" " ind2=" ">
    <subfield code="a">Environmental Sciences.</subfield>
  </datafield>
  <datafield tag="650" ind1=" " ind2=" ">
    <subfield code="a">Climate Sciences.</subfield>
  </datafield>
  <datafield tag="650" ind1=" " ind2=" ">
    <subfield code="a">Environmental Monitoring.</subfield>
  </datafield>
  <datafield tag="650" ind1=" " ind2=" ">
    <subfield code="a">Engineering Acoustics.</subfield>
  </datafield>
  <datafield tag="700" ind1=" " ind2=" ">
    <subfield code="a">Venkatesan, R.</subfield>
    <subfield code="e">editor.</subfield>
    <subfield code="4">edt</subfield>
    <subfield code="4">http://id.loc.gov/vocabulary/relators/edt</subfield>
  </datafield>
  <datafield tag="700" ind1=" " ind2=" ">
    <subfield code="a">Tandon, Amit.</subfield>
    <subfield code="e">editor.</subfield>
    <subfield code="4">edt</subfield>
    <subfield code="4">http://id.loc.gov/vocabulary/relators/edt</subfield>
  </datafield>
  <datafield tag="700" ind1=" " ind2=" ">
    <subfield code="a">D'Asaro, Eric.</subfield>
    <subfield code="e">editor.</subfield>
    <subfield code="4">edt</subfield>
    <subfield code="4">http://id.loc.gov/vocabulary/relators/edt</subfield>
  </datafield>
  <datafield tag="700" ind1=" " ind2=" ">
    <subfield code="a">Atmanand, M. A.</subfield>
    <subfield code="e">editor.</subfield>
    <subfield code="4">edt</subfield>
    <subfield code="4">http://id.loc.gov/vocabulary/relators/edt</subfield>
  </datafield>
  <datafield tag="710" ind1=" " ind2=" ">
    <subfield code="a">SpringerLink (Online service)</subfield>
  </datafield>
  <datafield tag="773" ind1=" " ind2=" ">
    <subfield code="t">Springer Nature eBook</subfield>
  </datafield>
  <datafield tag="776" ind1=" " ind2=" ">
    <subfield code="i">Printed edition:</subfield>
    <subfield code="z">9783319664927</subfield>
  </datafield>
  <datafield tag="776" ind1=" " ind2=" ">
    <subfield code="i">Printed edition:</subfield>
    <subfield code="z">9783319664941</subfield>
  </datafield>
  <datafield tag="776" ind1=" " ind2=" ">
    <subfield code="i">Printed edition:</subfield>
    <subfield code="z">9783319882550</subfield>
  </datafield>
  <datafield tag="830" ind1=" " ind2=" ">
    <subfield code="a">Springer Oceanography,</subfield>
    <subfield code="x">2365-7685</subfield>
  </datafield>
  <datafield tag="856" ind1=" " ind2=" ">
    <subfield code="u">https://doi.org/10.1007/978-3-319-66493-4</subfield>
  </datafield>
  <datafield tag="912" ind1=" " ind2=" ">
    <subfield code="a">ZDB-2-EES</subfield>
  </datafield>
  <datafield tag="912" ind1=" " ind2=" ">
    <subfield code="a">ZDB-2-SXEE</subfield>
  </datafield>
  <datafield tag="999" ind1=" " ind2=" ">
    <subfield code="c">12630</subfield>
    <subfield code="d">12630</subfield>
  </datafield>
  <datafield tag="952" ind1=" " ind2=" ">
    <subfield code="0">0</subfield>
    <subfield code="1">0</subfield>
    <subfield code="4">0</subfield>
    <subfield code="7">0</subfield>
    <subfield code="a">MU</subfield>
    <subfield code="b">MU</subfield>
    <subfield code="d">2025-01-03</subfield>
    <subfield code="r">2025-01-03</subfield>
    <subfield code="w">2025-01-03</subfield>
    <subfield code="y">EB</subfield>
  </datafield>
</record>
